Community and Identity in Contemporary Technosciences (Record no. 61411)
[ view plain ]
| 000 -LEADER | |
|---|---|
| fixed length control field | 02562nam a2200253Ii 4500 |
| 008 - FIXED-LENGTH DATA ELEMENTS--GENERAL INFORMATION | |
| fixed length control field | 221202s xx 000 0 und d |
| 245 #0 - TITLE STATEMENT | |
| Title | Community and Identity in Contemporary Technosciences |
| 264 ## - PRODUCTION, PUBLICATION, DISTRIBUTION, MANUFACTURE, AND COPYRIGHT NOTICE | |
| Name of producer, publisher, distributor, manufacturer | Springer Nature |
| Date of production, publication, distribution, manufacture, or copyright notice | 2021 |
| 300 ## - PHYSICAL DESCRIPTION | |
| Extent | 1 online resource (315 pages) |
| 336 ## - CONTENT TYPE | |
| Content type term | text |
| Content type code | txt |
| Source | rdacontent |
| 337 ## - MEDIA TYPE | |
| Media type term | computer |
| Media type code | c |
| Source | rdamedia |
| 338 ## - CARRIER TYPE | |
| Carrier type term | online resource |
| Carrier type code | cr |
| Source | rdacarrier |
| 490 ## - SERIES STATEMENT | |
| Series statement | Sociology of the Sciences Yearbook |
| Volume/sequential designation | 31 |
| 520 ## - SUMMARY, ETC. | |
| Summary, etc. | This open access edited book provides new thinking on scientific identity formation. It thoroughly interrogates the concepts of community and identity, including both historical and contemporaneous analyses of several scientific fields. Chapters examine whether, and how, today’s scientific identities and communities are subject to fundamental changes, reacting to tangible shifts in research funding as well as more intangible transformations in our society’s understanding and expectations of technoscience. In so doing, this book reinvigorates the concept of scientific community. Readers will discover empirical analyses of newly emerging fields such as synthetic biology, systems biology and nanotechnology, and accounts of the evolution of theoretical conceptions of scientific identity and community. With inspiring examples of technoscientific identity work and community constellations, along with thought-provoking hypotheses and discussion, the work has a broad appeal. Those involved in science governance will benefit particularly from this book, and it has much to offer those in scholarly fields including sociology of science, science studies, philosophy of science and history of science, as well as teachers of science and scientists themselves. ; Reinvigorates the concept of scientific community Delineates ongoing changes across a range of epistemic cultures Elaborates on social, cultural and political aspects of contemporary technoscience Traces historical influences on technoscience, including in the European context Provides new thinking on scientific identity formation |
| 653 ## - INDEX TERM--UNCONTROLLED | |
| Uncontrolled term | Cultural Theory |
| 653 ## - INDEX TERM--UNCONTROLLED | |
| Uncontrolled term | Governance And Government |
| 653 ## - INDEX TERM--UNCONTROLLED | |
| Uncontrolled term | Philosophical And Historical Foundations Of Science |
| 653 ## - INDEX TERM--UNCONTROLLED | |
| Uncontrolled term | Science And Technology Studies |
| 653 ## - INDEX TERM--UNCONTROLLED | |
| Uncontrolled term | Science Education |
| 700 1# - ADDED ENTRY--PERSONAL NAME | |
| Personal name | Kastenhofer, Karen |
| 700 1# - ADDED ENTRY--PERSONAL NAME | |
| Personal name | Molyneux-Hodgson, Susan |
| 856 ## - ELECTRONIC LOCATION AND ACCESS | |
| Uniform Resource Identifier | <a href="https://library.oapen.org/bitstream/20.500.12657/48206/1/978-3-030-61728-8.pdfhttps://www.springer.com/9783030617288https://library.oapen.org/handle/20.500.12657/48206">https://library.oapen.org/bitstream/20.500.12657/48206/1/978-3-030-61728-8.pdfhttps://www.springer.com/9783030617288https://library.oapen.org/handle/20.500.12657/48206</a> |
| 942 ## - ADDED ENTRY ELEMENTS (KOHA) | |
| Koha item type | E-Book |
| Withdrawn status | Damaged status | Not for loan | Home library | Current library | Date acquired | Total Checkouts | Date last seen | Price effective from | Koha item type |
|---|---|---|---|---|---|---|---|---|---|
| Directory of Open Access Books | Directory of Open Access Books | 11/28/2022 | 11/28/2022 | 11/28/2022 | E-Book |